Представление документа в формате MARC21

Поле Инд. ПП Название Значение
Тип записи a
Библиографический уровень m
001 Контрольный номер d00b1ca2-b203-4eb3-bc51-a3ef77c5b129
005 Дата корректировки 20140226154030.8
008 Кодируемые данные 001121 d
020 a ISBN 5-02-026708-2 (в пер.)
c Цена, тираж 12.00
040 a Служба первич. каталог. RU-RKP
040 a Служба первич. каталог. НБ ТвГУ
041 a Код языка текста rus
080 a Индекс УДК 575.8
084 a Индекс другой классификации/Индекс ББК Е025
a Индекс другой классификации/Индекс ББК ЕО22.4
090 x Авторский знак Д20
a Полочн. индекс Е025
092 a 34.03
100 1_ a Автор Дарвин Чарлз
d Дата 1809-1882
245 10 a Заглавие Происхождение видов путем естественного отбора, или Сохранение благоприятных рас в борьбе за жизнь
b Продолж. заглавия Пер. с 6-го изд. (Лондон, 1872)
c Ответственность Чарлз Дарвин; [Статьи А. В. Яблокова и др.]; Отв. ред. А. Л. Тахтаджян; [Коммент. Я. М. Галла, Я. И. Старобогатова; АН СССР]
260 0_ a Место издания СПб.
b Издательство Наука. С.-Петерб. отд-ние
c Дата издания 1991
300 a Объем 539 с., [2] л. ил.
c Размеры 22 см
440 a Серия Классики науки
500 a Примечание Перевод изд.: The origin of species by means of natural selection, or The preservation of favoured races in the struggle for life / Charles Darwin (London, 1872).
504 a Библиография Библиогр.: с. 516-522. - Указ. имен., предм.: с. 523-536.
650 a Основная рубрика Видообразование
650 a Основная рубрика Эволюция (биол.)
650 a Основная рубрика Естественный отбор
650 a Основная рубрика Биология
653 a Ключевые слова Видообразование
a Ключевые слова Происхождение видов
a Ключевые слова Естественный отбор
700 1_ a Другие авторы Тахтаджян Армен Леонович
e Роль лиц ред.
700 1_ a Другие авторы Яблоков А. В.
e Роль лиц авт. вступ. ст.
852 t Порядковый номер экземпляра 1
p Инвентарный номер 634584
954 a Дата поступления на обработку 20001121
999 a Подразделение 2 Фил3